Normal view
MARC view
- Quinn, F. X.
Entry Personal Name
001 - CONTROL NUMBER
- control field: 843
003 - CONTROL NUMBER IDENTIFIER
- control field: NUST
005 - DATE AND TIME OF LATEST TRANSACTION
- control field: 20170516115210.0
008 - FIXED-LENGTH DATA ELEMENTS
- fixed length control field: 170516|| aca||aabn | a|a d
040 ## - CATALOGING SOURCE
- Original cataloging agency: NUST
- Transcribing agency: NUST
100 ## - HEADING--PERSONAL NAME
- Personal name: Quinn, F. X.
670 ## - SOURCE DATA FOUND
- Source citation: Work cat.: (NUST)0: Hatakeyama, T. 840, Thermal analysis :, c1999.
